000 00335nam a2200145 i 4500
001 bg
100 1 _aSZKUTNIK, Leon Leszek
245 0 _aThinking in English /
_cLeon Leszek Szkutnik.
250 _aWyd.6.
260 _aWarszawa,
_c1984.
040 _cBPK
041 _apol
942 _cKS
008 s pl f |000 0 pol
999 _c2316
_d2316
856 _uhttp://koha.tu.koszalin.pl/cgi-bin/koha/opac-detail.pl?biblionumber=2316
_yKatalog online BPK